000 00875nmc a2200289 a 4500
003 AR-BaBNM
005 20251128211614.0
008 035020s2001 ||||||||||||||000 | spa||
020 _a84-7432-851-9
040 _cAR-BaBNM
100 1 _aBarnett, Ronald
245 1 0 _aLos límites de la competencia
_bel conocimiento, la educación superior y la sociedad
250 _a1ª ed.
260 _aBarcelona
_bGedisa
_c2001
300 0 _a286 p.
490 0 _aBiblioteca de educación. Educación superior
_vv. 3
500 0 _aContiene índice temático p. 281-286
504 _aContiene referencias bibliográficas en p. 271-279
650 4 _aUNIVERSIDADES
650 4 _aCONOCIMIENTO
650 4 _aCOMPETENCIAS
650 4 _aENSENANZA UNIVERSITARIA
653 _aEDUCACION SUPERIOR
800 1 _aCamilloni, Alicia R.W. de
942 _cBK
998 _cme-solo cat
999 _c20397
_d20397